000 00787nam a2200253Ia 4500
003 OSt
005 20220928115727.0
006 a|||||r|||| 00| 0
007 ta
008 220927b |||||||| |||| 00| 0 eng d
020 _c495
024 _a111232
037 _b238, 01/02/2011, Pioneer Book Distributors
_cTextual
040 _aSDCL
_cSDCL
_beng
041 _2eng
_aeng
082 _aX:54.2'M, P9
100 _aBirla Ritu
_9445787
245 0 _aStages of capital
_b Law,culture and market governance in Late Colonial India.
260 _aNew Delhi
_bOrient BlackSwan
_c2009
300 _axi,346p.
_ccm.
650 _aPolitical Science
942 _hX:54.2'M, P9
_cTEXL
_2CC
999 _c760682
_d760682